00609 a2200169 45000010006000000050017000060080041000230030015000640400040000790800031001192450026001502640033001763000019002095050182002280410008004101000021004185453820260407155818.0260407a1954 arg spa dAR-UNSa-BCEJYS aAR-UNSa-BCEJYSbspacAR-UNSa-BCEJYS a330xEconomía en general10aEscritos económicos 1aBuenos Aires :bRaigalc1954 a336 p.c20 cm. aI: Autobiografía - II: Medios generales de fomentar la agricultura,animar la industria y proteger el comercio en un país agricultor - III: Correo de comercio de Buenos Aires aspa1 aBelgrano, Manuel